SWS Rundschau (Record no. 7190)

MARC details
000 -LEADER
fixed length control field 00452nas a22001937i 4500
001 - CONTROL NUMBER
control field 8588
003 - CONTROL NUMBER IDENTIFIER
control field OSt
005 - DATE AND TIME OF LATEST TRANSACTION
control field 20170126082412.0
007 - PHYSICAL DESCRIPTION FIXED FIELD--GENERAL INFORMATION
fixed length control field tu
008 - FIXED-LENGTH DATA ELEMENTS--GENERAL INFORMATION
fixed length control field 161220s xxu||||| |||| 00| 0 d
022 ## - INTERNATIONAL STANDARD SERIAL NUMBER
International Standard Serial Number 1013-1469
024 7# - OTHER STANDARD IDENTIFIER
Standard number or code 8588
Source of number or code RID
024 7# - OTHER STANDARD IDENTIFIER
Standard number or code 5748
Source of number or code RSN (alt)
040 ## - CATALOGING SOURCE
Transcribing agency OSt
245 00 - TITLE STATEMENT
Title SWS Rundschau
260 ## - PUBLICATION, DISTRIBUTION, ETC.
Place of publication, distribution, etc. Wien :
Name of publisher, distributor, etc. Sozialwissenschaftliche Studiengesellschaft (SWS).
856 ## - ELECTRONIC LOCATION AND ACCESS
Uniform Resource Identifier <a href="http://www.sws-rundschau.at">http://www.sws-rundschau.at</a>
866 #0 - TEXTUAL HOLDINGS--BASIC BIBLIOGRAPHIC UNIT
-- 3/2015 -
942 ## - ADDED ENTRY ELEMENTS (KOHA)
Koha item type Journal
Holdings
Withdrawn status Lost status Damaged status Not for loan Home library Current library Shelving location Date acquired Serial Enumeration / chronology Inventory number Total Checkouts Barcode Date last seen Price effective from Koha item type
        WIIW WIIW Library 02/16/2016 55.2015,3 8588   10006300 01/26/2017 01/26/2017 Journal
        WIIW WIIW Library 02/16/2016 55.2015,4 8588   10006301 01/26/2017 01/26/2017 Journal
        WIIW WIIW Library 04/15/2016 56.2016,1 8588   10006320 01/26/2017 01/26/2017 Journal
The Vienna Instiute for International Economic Studies (wiiw)